Journal of global entrepreneurship research

Bibliographic Details
Corporate Author: Dānishgāh-i Tihrān. Dānishkadah-i Kārʹāfarīnī
Format: Electronic Journal
Language:English
Published: Tehran : University of Tehran, Faculty of Entrepreneurship, 2011-
Heidelberg, Germany : Springer-Verlag, GmbH
Subjects:
Online Access:Full text available from Research Library: 06/01/2014 to present

MARC

LEADER 00000nas a2200000 i 4500
001 ssj0001454295
003 WaSeSS
005 20200512172242.0
006 m d
007 cr n
008 140325c20119999gw uu p s 0 a0eng c
010 |a  2014254521 
022 |a 2251-7316  |l 2228-7566  |y 2228-7566 
035 |a (WaSeSS)ssj0001454295 
040 |a CUV  |b eng  |c CUV  |d OCLCO  |d OCLCF  |d CUS  |d DLC  |d AU@  |d OCLCQ  |d WaSeSS 
042 |a pcc 
050 0 0 |a HB615 
050 1 4 |a HB615 
210 0 |a J. glob. entrep. res.  |b (Online) 
222 0 |a Journal of global entrepreneurship research  |b (Online) 
245 0 0 |a Journal of global entrepreneurship research  |h [electronic resource]. 
260 |3 2011- :  |a Tehran :  |b University of Tehran, Faculty of Entrepreneurship,  |c 2011- 
260 3 |3 2014- :  |a Heidelberg, Germany :  |b Springer-Verlag, GmbH 
362 1 |a Began with vol. 1, no. 1 (winter/spring 2011). 
506 |a License restrictions may limit access. 
538 |a Mode of access: World Wide Web. 
588 |a Description based on: Vol. 1, no. 1 (winter/spring 2011); title from journal homepage (University of Tehran, Faculty of Entrepreneurship web site, viewed March 25, 2014). 
588 |a Latest issue consulted: Vol. 7, issue (2017), (SpringerOpen website, viewed June 9, 2017). 
650 0 |a Entrepreneurship  |v Periodicals. 
650 0 |a Entrepreneurship  |x Research  |v Periodicals. 
650 7 |a Entrepreneurship.  |2 fast  |0 (OCoLC)fst00912787 
650 7 |a Entrepreneurship  |x Research.  |2 fast  |0 (OCoLC)fst00912809 
655 0 |a Electronic journals. 
710 2 |a Dānishgāh-i Tihrān.  |b Dānishkadah-i Kārʹāfarīnī. 
850 |a DLC 
856 4 0 |z Full text available from Research Library: 06/01/2014 to present  |u https://search.proquest.com/publication/2034719